MARC details
| 000 -CABECERA |
| campo de control de longitud fija |
01817nam a22003977a 4500 |
| 003 - IDENTIFICADOR DEL NÚMERO DE CONTROL |
| campo de control |
DO-SdBNP |
| 005 - FECHA Y HORA DE LA ÚLTIMA TRANSACCIÓN |
| campo de control |
20260428073714.0 |
| 007 - CAMPO FIJO DE DESCRIPCIÓN FÍSICA--INFORMACIÓN GENERAL |
| campo de control de longitud fija |
ta |
| 008 - DATOS DE LONGITUD FIJA--INFORMACIÓN GENERAL |
| campo de control de longitud fija |
210315e2020 dr a|||| |||| 00| 0 spa d |
| 020 ## - NÚMERO INTERNACIONAL ESTÁNDAR DEL LIBRO |
| Número Internacional Estándar del Libro |
9789945220742 |
| 040 ## - FUENTE DE LA CATALOGACIÓN |
| Centro catalogador/agencia de origen |
DO-SdBNP |
| Lengua de catalogación |
spa |
| Centro/agencia transcriptor |
BNPHU |
| Normas de descripción |
rda |
| 082 #4 - NÚMERO DE LA CLASIFICACIÓN DECIMAL DEWEY |
| Número de clasificación |
RD863.5 |
| Número de documento/Ítem |
C744g 2020 |
| Número de edición |
22 |
| 111 2# - ENTRADA PRINCIPAL--NOMBRE DE CONGRESO/REUNIÓN |
| Nombre de congreso/reunión o jurisdicción como elemento de entrada |
Concurso de Cuentos Radio Santa Maria |
| Número del congreso/reunión o número de parte o sección |
(27 : |
| Fecha del congreso/reunión |
2020 : |
| Sede del congreso/Lugar de la reunión |
Santo Domingo ) |
| 9 (RLIN) |
78478 |
| 245 1# - MENCIÓN DE TÍTULO |
| Título |
Ganadores 2020 del 27º concurso de cuentos Radio Santa María / |
| Mención de responsabilidad, etc. |
Luis Beiro Álvarez, editor; Kari López, ilustrador. |
| 264 ## - PRODUCCIÓN, PUBLICACIÓN, DISTRIBUCIÓN, FABRICACIÓN Y COPYRIGHT |
| Producción, publicación, distribución, fabricación y copyright |
Santo Domingo : |
| Nombre del de productor, editor, distribuidor, fabricante |
Radio Santa María , |
| Fecha de producción, publicación, distribución, fabricación o copyright |
2020 |
| 300 ## - DESCRIPCIÓN FÍSICA |
| Extensión |
79 páginas : |
| Otras características físicas |
ilustraciones ; |
| Dimensiones |
21 cm. |
| 336 ## - TIPO DE CONTENIDO |
| Fuente |
rdacontent |
| Término de tipo de contenido |
texto |
| Código de tipo de contenido |
txt |
| 337 ## - TIPO DE MEDIO |
| Fuente |
rdamedia |
| Nombre/término del tipo de medio |
sin mediación |
| Código del tipo de medio |
n |
| 338 ## - TIPO DE SOPORTE |
| Fuente |
rdacarrier |
| Nombre/término del tipo de soporte |
volumen |
| Código del tipo de soporte |
nc |
| 586 ## - NOTA DE PREMIOS |
| Nota de premios |
Primer premio : Melba (Río de las auyamas) / Valentín Amaro. |
| 586 ## - NOTA DE PREMIOS |
| Nota de premios |
Segundo premio : El ápice de una sonrisa (Alighieri) / Ismael Lobni. |
| 586 ## - NOTA DE PREMIOS |
| Nota de premios |
Tecer premio : Candela (Tres punatitos) / Víctor Arcturus Estrella. |
| 586 ## - NOTA DE PREMIOS |
| Nota de premios |
Cuarto Premio : Trabajo secreto (james Bond) / Yaína Melissa Rodríguez. |
| 586 ## - NOTA DE PREMIOS |
| Nota de premios |
Primera mención : La visión final (Amanecer) / Ariel Ortíz Pérez. |
| 586 ## - NOTA DE PREMIOS |
| Nota de premios |
Segunda mención : Avisa cuando llegues (Camus) / Miguel Vargas Núñez. |
| 586 ## - NOTA DE PREMIOS |
| Nota de premios |
Tercera mención : La princesa Flor Amanda (Paz) / Ruth Samari Olivares Núñez. |
| 586 ## - NOTA DE PREMIOS |
| Nota de premios |
Cuarta mención : El mismo aire (5:15) / Ramón gil. |
| 590 ## - NOTA LOCAL (RLIN) |
| Nota local |
Inventariado 2024 |
| 650 #0 - PUNTO DE ACCESO ADICIONAL DE MATERIA--TÉRMINO DE MATERIA |
| Término de materia o nombre geográfico como elemento de entrada |
Cuentos dominicanos |
| Subdivisión de forma |
Congresos, conferencias, etc. |
| 9 (RLIN) |
176 |
| 650 #0 - PUNTO DE ACCESO ADICIONAL DE MATERIA--TÉRMINO DE MATERIA |
| Término de materia o nombre geográfico como elemento de entrada |
Premios literarios |
| 9 (RLIN) |
1542 |
| 650 #4 - PUNTO DE ACCESO ADICIONAL DE MATERIA--TÉRMINO DE MATERIA |
| Término de materia o nombre geográfico como elemento de entrada |
Certámenes literarios |
| 9 (RLIN) |
1541 |
| 700 1# - PUNTO DE ACCESO ADICIONAL--NOMBRE DE PERSONA |
| Nombre de persona |
Beiro Álvarez, Luis, |
| Fechas asociadas al nombre |
1950- |
| Término indicativo de función/relación |
editor |
| 9 (RLIN) |
10201 |
| 700 1# - PUNTO DE ACCESO ADICIONAL--NOMBRE DE PERSONA |
| Nombre de persona |
López , Kari, |
| Término indicativo de función/relación |
ilustrador. |
| 9 (RLIN) |
78138 |
| 910 ## - DATOS DE OPCIÓN DEL USUARIO (OCLC) |
| Datos de opción del usuario |
Validado. Control de calidad MFF |
| 942 ## - ELEMENTOS DE PUNTO DE ACCESO ADICIONAL (KOHA) |
| Fuente del sistema de clasificación o colocación |
Dewey Decimal Classification |
| Tipo de ítem Koha |
Libro |